000 00330nam a2200133Ia 4500
008 151001s9999||||xx |||||||||||||| ||und||
100 _aवसंत सावंत
245 _aस्वस्तिक
250 _a1
260 _bअंतरकर आ.अ.
260 _c1982
300 _a80
365 _b21
999 _c964474
_d964471